[Event "SWE-ch blitz"]
[Site "Helsingborg"]
[Date "2021.11.14"]
[Round "10"]
[White "Storme, Isak"]
[Black "Tornberg, Carlos"]
[Result "1/2-1/2"]
[WhiteElo "2037"]
[BlackElo "2053"]
[PlyCount "117"]
[EventDate "2021.11.14"]
[EventType "swiss (blitz)"]
[EventRounds "13"]
[EventCountry "SWE"]
[SourceTitle "EXT 2024"]
[Source "ChessBase"]
[SourceDate "2023.10.10"]
[SourceVersion "1"]
[SourceVersionDate "2023.10.10"]
[SourceQuality "1"]

1. e4 e5 2. Nf3 Nc6 3. Bb5 a6 4. Ba4 d6 5. c3 f5 6. exf5 Bxf5 7. 0-0 Bd3 8. Re1 Be7 9. Bc2 Bxc2 10. Qxc2 Nf6 11. d4 e4 12. Ng5 d5 13. f3 h6 14. Ne6 Qd7 15. Nf4 0-0 16. Nd2 Bd6 17. Ng6 Rf7 18. fxe4 dxe4 19. Nxe4 Re8 20. Nxf6+ Rxf6 21. Bd2 Rxe1+ 22. Rxe1 Qg4 23. Ne5 Nxd4 24. Qe4 Qxe4 25. Rxe4 Nf5 26. Nf3 Bc5+ 27. Kf1 Kf7 28. Ke2 Nd6 29. Rf4 g5 30. Rxf6+ Kxf6 31. b3 Ne4 32. Be1 Bd6 33. h3 Bg3 34. Bxg3 Nxg3+ 35. Kd3 Nh5 36. Ke4 Nf4 37. Ne1 Ke6 38. h4 Ne2 39. hxg5 hxg5 40. Kd3 Nf4+ 41. Ke4 Ne2 42. Nf3 Nxc3+ 43. Kd3 Nxa2 44. Nxg5+ Kf5 45. Nf7 b5 46. Kd4 Nc1 47. Kc3 a5 48. Nd8 c5 49. Nb7 Ne2+ 50. Kb2 c4 51. bxc4 bxc4 52. Nxa5 c3+ 53. Kc2 Kg4 54. Nc4 Kg3 55. Ne3 Kf2 56. Nd5 Kxg2 57. Nf4+ Kh1 58. Nxe2 Kg2 59. Kxc3 1/2-1/2